Statistics for Schoolboy Q Discography

Click here to take the quiz!

General Stats

  • This quiz has been taken 22 times
  • The average score is 4 of 6

Answer Stats

YearNameType% Correct
2014OxymoronAlbum
100%
2016Blank Face LPAlbum
86%
2012Habits & ContradictionsAlbum
76%
2011SetbacksAlbum
67%
2009Gangsta & SoulMixtape
14%
2008ScHoolboy Turned HustlaMixtape
14%

Score Distribution

Percentile by Number Answered

Percent of People with Each Score

Your Score History

You have not taken this quiz